Loading...
A Decriptive Catalogue of the Sanskrit Manuscripts Vol-I
| Main Author: | |
|---|---|
| Format: | Printed Book |
| Language: | Undetermined |
| Published: |
Oriental Library Publication;
Mysore;
1937
|
| Edition: | Ist |
| Subjects: |
| LEADER | 00542nam a2200145Ia 4500 | ||
|---|---|---|---|
| 008 | 170418s9999||||xx |||||||||||||| ||und|| | ||
| 082 | |a ASH/A L8 | ||
| 100 | |a M S Basavalingayya & T T Srinivasagopalachar | ||
| 245 | 2 | |a A Decriptive Catalogue of the Sanskrit Manuscripts Vol-I | |
| 250 | |a Ist | ||
| 260 | |a Oriental Library Publication; |b Mysore; |c 1937 | ||
| 300 | |a xvii+784p. | ||
| 650 | |a English; | ||
| 999 | |c 76503 |d 76503 | ||
| 952 | |0 0 |1 0 |4 0 |6 ASH_A_L8 |7 0 |8 EngliJourn |9 89800 |a MAL |b MAL |d 2017-01-16 |e T004044 |l 0 |o ASH/A L8 |p MALT004044 |r 2016-12-23 |w 2016-12-23 |y BK | ||